000 00323nam a22001337a 4500
008 170524b xxu||||| |||| 00| 0 eng d
020 _a0713134283
041 _aeng
080 _a621.3
100 _a26
101 _aim
245 _aELECTROMAGNETIC LEVITATION AND SUSPENSION TECHNIQUES
_cJAYAWANT, B.V
942 _2udc
_cBK
999 _c14097
_d14097